All Ireland Senior Club Football Champions - Statistics

General Stats
  • This quiz has been taken 6 times
  • The average score is 32 of 53
Answer Stats
Year Winners County Score Runners-Up County % Correct
1996-97 Crossmaglen Rangers Armagh 2-13 (19) - 0-11 (11) Knockmore Mayo
83%
1998-99 Crossmaglen Rangers Armagh 0-09 (09) - 0-08 (08) Ballina Stephenites Mayo
83%
1999-00 Crossmaglen Rangers Armagh 1-14 (17) - 0-12 (12) Na Fianna Dublin
83%
2006-07 Crossmaglen Rangers Armagh 1-09 (12) - 1-09 (12)(R) 0-13 (13) - 1-05 (08) Dr. Crokes Kerry
83%
2010-11 Crossmaglen Rangers Armagh 2-11 (17) - 1-11 (14) St. Brigid's Roscommon
83%
2011-12 Crossmaglen Rangers Armagh 0-15 (15) - 1-12 (15)(R) 2-19 (25) - 1-07 (10) Garrycastle Westmeath
83%
1991-92 Dr. Crokes Kerry 1-11 (14) - 0-13 (13) Thomas Davis Dublin
83%
2016-17 Dr Crokes Kerry 1-09 (12) - 1-07 (10) Slaughtneil Derry
83%
2023-24 Glen Derry 2-10 (16) - 1-12 (15) St. Brigid's Roscommon
83%
2021-22 Kilcoo Down 2-08 (14) - 0-13 (13) Kilmacud Crokes Dublin
83%
1994-95 Kilmacud Crokes Dublin 0-08 (08) - 0-05 (05) Bellaghy Derry
83%
2008-09 Kilmacud Crokes Dublin 1-09 (12) - 0-07 (07) Crossmaglen Rangers Armagh
83%
2022-23 Kilmacud Crokes Dublin 1-11 (14) - 1-09 (12) Glen Derry
83%
1972-73 Nemo Rangers Cork 2-11 (17) - 2-11 (17)(R) 4-06 (18) - 0-10 (10) St. Vincents Dublin
83%
1978-79 Nemo Rangers Cork 2-09 (12) - 1-03 (06) Scotstown Monaghan
83%
1981-82 Nemo Rangers Cork 6-11 (29) - 1-08 (11) Garrymore Mayo
83%
1983-84 Nemo Rangers Cork 2-10 (16) - 0-05 (05) Walterstown Meath
83%
1988-89 Nemo Rangers Cork 1-13 (16) - 1-03 (06) Clann na nGael Roscommon
83%
1993-94 Nemo Rangers Cork 3-11 (20) - 0-08 (08) Castlebar Mitchels Mayo
83%
2002-03 Nemo Rangers Cork 0-14 (14) - 1-09 (12) Crossmolina Deel Rovers Mayo
83%
2004-05 Ballina Stephenites Mayo 1-12 (15) - 2-08 (14) Portlaoise Laois
67%
1997-98 Corofin Galway 0-15 (15) - 0-10 (10) Erins Isle Dublin
67%
2014-15 Corofin Galway 1-14 (17) - 0-07 (07) Slaughtneil Derry
67%
2017-18 Corofin Galway 2-19 (25) - 0-10 (10) Nemo Rangers Cork
67%
2018-19 Corofin Galway 2-16 (22) - 0-10 (10) Dr Crokes Kerry
67%
2019-20 Corofin Galway 1-12 (15) - 0-07 (07) Kilcoo Down
67%
1982-83 Portlaoise Laois 0-12 (12) - 2-00 (06) Clann na nGael Roscommon
67%
2012-13 St. Brigid's Roscommon 2-11 (17) - 2-10 (13) Ballymun Kickhams Dublin
67%
2009-10 St. Gall's Antrim 0-13 (13) - 1-05 (08) Kilmurry-Ibrickane Clare
67%
1975-76 St. Vincents Dublin 4-10 (22) - 0-05 (05) Roscommon Gaels Roscommon
67%
2007-08 St. Vincents Dublin 1-11 (14) - 0-13 (13) Nemo Rangers Cork
67%
2013-14 St. Vincent's Dublin 4-12 (24) - 2-11 (17) Ballina Stephenites Mayo
67%
1976-77 Austin Stacks Kerry 1-13 (16) - 2-07 (13) Ballerin Derry
50%
2000-01 Crossmolina Deel Rovers Mayo 0-16 (16) - 1-12 (15) Nemo Rangers Cork
50%
1979-80 St. Finbarr's Cork 3-09 (14) - 0-08 (08) St. Grellan's Galway
50%
1980-81 St. Finbarr's Cork 1-08 (11) - 0-06 (06) Walterstown Meath
50%
1986-87 St. Finbarr's Kerry 0-10 (10) -0-07 (07) Clann na nGael Roscommon
50%
1973-74 U.C.D Dublin 1-06 (09) - 1-06 (09)(R) 0-14 (14) - 1-04 (07) Clan na Gael Armagh
50%
1974-75 U.C.D Dublin 1-11 (14) - 0-12 (12) Nemo Rangers Cork
50%
2015-16 Ballyboden St. Enda's Dublin 2-14 (20) - 0-07 (07) Castlebar Mitchels Mayo
33%
1971-72 Bellaghy Derry 0-15 (15) - 1-11 (14) U.C.C Cork
33%
2003-04 Caltra Galway 0-13 (13) - 0-12 (12) An Ghaeltachts Kerry
33%
1984-85 Castleisland Desmonds Kerry 2-02 (08) - 0-07 (07) St. Vincent's Dublin
33%
1970-71 East Kerry Kerry 5-09 (24) - 2-07 (13) Bryansford Down
33%
1995-96 Laune Rangers Kerry 4-05 (17) - 0-11 (11) Éire Óg Carlow
33%
1990-91 Lavey Derry 2-09 (12) - 0-10 (10) Salthill-Knocknacarra Galway
33%
1985-86 St. Mary's Burren Down 1-10 (13) - 1-06 (09) Castleisland Desmonds Kerry
33%
1987-88 St. Mary's Burren Down 1-09 (12) - 0-08 (08) Clann na nGael Roscommon
33%
1977-78 Thomond College Limerick 2-14 (20) - 1-03 (09) St. John's Antrim
33%
2001-02 Ballinderry Shamrocks Derry 2-10 (16) - 0-09 (09) Nemo Rangers Cork
17%
1989-90 Baltinglass Wicklow 2-07 (13) - 0-07 (07) Clann na nGael Roscommon
17%
1992-93 O'Donovan Rossa Derry 1-12 (15) - 3-06 (15)(R) 1-07 (10) - 0-08 (08) Éire Óg Carlow
17%
2005-06 Salthill-Knocnacarra Galway 0-07 (07) - 0-06 (06) St. Gall's Antrim
0%
No matching quizzes found
Score Distribution
Percent of People with Each Score
Percentile by Number Answered
Your Score History
You have not taken this quiz